000 00394cam a22001217a 4500
008 180718b1987 xxu||||| |||| 00| 0 eng d
082 _aA81x54 In2/81/9/Pt8A&B/1
100 _aCensus of India 1981
245 _aKarnataka: household tables
260 _aDelhi
_bThe Controller of Publications
_c1987
300 _a1137+p.
440 _aCensus of India 1981. Series-9, Karnataka. Part-VIII A & B (i)
999 _c482809
_d482809